MARC

LEADER 00000nam0a2200000 4500
001 57455
005 20231031054236.0
010 |a 5030035222 
010 |a 5-17-018758-0 
035 |a (RuTPU)RU\TPU\book\60621 
090 |a 57455 
100 |a 20031104d2003 km y0rusy50 ca 
101 1 |a rus  |c eng 
102 |a RU 
105 |a a z 001zy 
200 1 |a Проектирование и оценка систем физической защиты  |e пер. с англ.  |f М. Л. Гарсиа 
210 |a Москва  |c Мир  |c АСТ  |d 2003 
215 |a 388 с.  |c ил. 
225 1 |a Технологии безопасности 
320 |a Предметный указатель: с. 384-386 
320 |a Словарь терминов: с. 357-383 
610 1 |a охранные устройства 
610 1 |a сигнализация 
610 1 |a несанкционированные действия 
610 1 |a физическая защита 
610 1 |a средства 
610 1 |a проектирование 
610 1 |a оценка 
610 1 |a угрозы 
610 1 |a объекты 
610 1 |a определение 
610 1 |a нападения 
610 1 |a выявление 
610 1 |a охранная сигнализация 
610 1 |a датчики 
610 1 |a контроль 
610 1 |a доступ 
610 1 |a связь 
610 1 |a распыляемые барьеры 
610 1 |a замкнутая телевизионная система 
610 1 |a опасность 
610 1 |a риски 
675 |a 654.9  |v 3 
675 |a 681.3.067  |v 3 
700 1 |a Гарсиа  |b М. Л.  |g Мэри Линн 
801 1 |a RU  |b 63413507  |c 20031104  |g PSBO 
801 2 |a RU  |b 63413507  |c 20091201  |g PSBO 
900 |a Основы проектирования и анализ уязвимости физической защиты ядерного объекта 
900 |a Технические средства охраны 
942 |c BK 
959 |a 91/20051116  |d 3  |e 0  |f НФ:3